RICS AGM 2025: (Record no. 122195)

MARC details
000 -LEADER
fixed length control field 00762nam a22001937a 4500
005 - DATE AND TIME OF LATEST TRANSACTION
control field 20250709105950.0
008 - FIXED-LENGTH DATA ELEMENTS--GENERAL INFORMATION
fixed length control field 250709s2025 xxk|||||o|||| 00| 0 eng d
041 ## - LANGUAGE CODE
Language code of text/sound track or separate title eng
110 ## - MAIN ENTRY--CORPORATE NAME
Corporate author Royal Institution of Chartered Surveyors
245 ## - TITLE STATEMENT
Title RICS AGM 2025:
Subtitle Questions and answers
Medium [Electronic resource]
260 ## - PUBLICATION INFORMATION
Place of publication London,
Publisher Royal Institution of Chartered Surveyors,
Date July 2025
300 ## - PHYSICAL DESCRIPTION
Physical description 27p
490 ## - SERIES TITLE
Series statement RICS AGM
520 ## - ABSTRACT
Abstract RICS Annual General Meeting on 26 June 2025 anonymised questions and answers.
651 ## - SUBJECT ADDED ENTRY--GEOGRAPHIC NAME
Geographic name United Kingdom
710 ## - ADDED CORPORATE NAME
Added corporate author Royal Institution of Chartered Surveyors
856 ## - ONLINE RESOURCE
Uniform Resource Identifier <a href="https://www.rics.org/content/dam/ricsglobal/documents/about-rics/annual-review/AGM-2025-Post-Q_A-pack.pdf">https://www.rics.org/content/dam/ricsglobal/documents/about-rics/annual-review/AGM-2025-Post-Q_A-pack.pdf</a>
Public note Available on RICS.org
942 ## - ADDED ENTRY ELEMENTS (KOHA)
Suppress in OPAC Do not suppress in OPAC
Holdings
Lost status Damaged status Not for loan Current library Shelving location Date acquired Total Checkouts Full call number Date last seen Price effective from Koha item type
      Virtual Online 09/07/2025   ONLINE PUBLICATION 09/07/2025 09/07/2025 Online material